League of Legends Champions - Hard (01/05/19) - Statistics

General Stats
  • This quiz has been taken 10 times
  • The average score is 82 of 142
Answer Stats
Postać % Correct
Aatrox
100%
Anivia
100%
Aurelion Sol
100%
Jayce
100%
Yasuo
100%
Alistar
86%
Annie
86%
Darius
86%
Draven
86%
Galio
86%
Garen
86%
Jhin
86%
Kalista
86%
Kassadin
86%
Lee Sin
86%
Maokai
86%
Neeko
86%
Vi
86%
Vladimir
86%
Ahri
71%
Akali
71%
Amumu
71%
Ashe
71%
Blitzcrank
71%
Camille
71%
Gnar
71%
Ivern
71%
Janna
71%
Jarvan IV
71%
Kai'Sa
71%
Karma
71%
Katarina
71%
Kha'Zix
71%
LeBlanc
71%
Malzahar
71%
Mordekaiser
71%
Poppy
71%
Rek'Sai
71%
Renekton
71%
Rengar
71%
Sion
71%
Soraka
71%
Udyr
71%
Viktor
71%
Xerath
71%
Zed
71%
Ziggs
71%
Zilean
71%
Zoe
71%
Zyra
71%
Azir
57%
Bard
57%
Brand
57%
Caitlyn
57%
Cassiopeia
57%
Cho'Gath
57%
Corki
57%
Ekko
57%
Elise
57%
Fiora
57%
Gangplank
57%
Hecarim
57%
Heimerdinger
57%
Illaoi
57%
Irelia
57%
Jax
57%
Jinx
57%
Karthus
57%
Kayn
57%
Master Yi
57%
Nami
57%
Nasus
57%
Nautilus
57%
Orianna
57%
Ornn
57%
Pyke
57%
Rakan
57%
Riven
57%
Rumble
57%
Sejuani
57%
Sivir
57%
Syndra
57%
Talon
57%
Taric
57%
Tristana
57%
Urgot
57%
Varus
57%
Veigar
57%
Volibear
57%
Warwick
57%
Xayah
57%
Diana
43%
Dr Mundo
43%
Evelynn
43%
Ezreal
43%
Fizz
43%
Gragas
43%
Kayle
43%
Kennen
43%
Kindred
43%
Kled
43%
Kog'Maw
43%
Leona
43%
Lissandra
43%
Lulu
43%
Lux
43%
Malphite
43%
Miss Fortune
43%
Nidalee
43%
Olaf
43%
Pantheon
43%
Quinn
43%
Rammus
43%
Ryze
43%
Shen
43%
Singed
43%
Skarner
43%
Sona
43%
Sylas
43%
Tahm Kench
43%
Teemo
43%
Thresh
43%
Trundle
43%
Vayne
43%
Wukong
43%
Xin Zhao
43%
Yorick
43%
Zac
43%
Fiddlesticks
29%
Graves
29%
Lucian
29%
Nocturne
29%
Nunu i Willump
29%
Swain
29%
Tryndamere
29%
Twisted Fate
29%
Vel'Koz
29%
Morgana
14%
Shaco
14%
Shyvana
14%
Taliyah
14%
Twitch
14%
No matching quizzes found
Score Distribution
Percent of People with Each Score
Percentile by Number Answered
Your Score History
You have not taken this quiz